Statistiques concernant Pays d'Amérique du sud et nord de M à Z.

Cliquez ici pour prendre le quiz!

Statistiques générales

  • Ce quiz a été pris 125 fois
  • Le résultat moyen est 11 sur 14

Statistiques - réponses

Réponse% Correct
Mexique
91%
Pérou
90%
Paraguay
89%
Uruguay
89%
Venezuela
88%
Suriname
86%
Nicaragua
78%
Panama
77%
Sainte-Lucie
75%
Salvador
73%
Saint-Vincent-et-les-
Grenadines
71%
Saint-Christophe-
et-Niévès
69%
Trinité-et-Tobago
66%
République Dominicaine
64%

Distribution des résultats

Percentile par nombre de réponses

% des personnes avec chaque résultat

Votre développement - résultats

Vous n’avez pas pris ce quiz